[Event "Moscow op-E"]
[Site "Moscow"]
[Date "2011.01.30"]
[Round "2.149"]
[White "Khosrovov, Sabuhi"]
[Black "Lakerbaya, Timur"]
[Result "1/2-1/2"]
[WhiteElo "1920"]
[BlackElo "2124"]
[PlyCount "76"]
[EventDate "2011.01.29"]
[EventType "swiss"]
[EventRounds "9"]
[EventCountry "RUS"]
[SourceTitle "EXT 2022"]
[Source "ChessBase"]
[SourceDate "2021.10.06"]
[SourceVersion "1"]
[SourceVersionDate "2021.10.06"]
[SourceQuality "1"]

1. c4 Nf6 2. Nc3 g6 3. g3 Bg7 4. Bg2 0-0 5. Nf3 c6 6. d4 d5 7. cxd5 cxd5 8. 0-0 Nc6 9. a3 Bf5 10. Bf4 Rc8 11. Rc1 Ne4 12. Ne5 Nxe5 13. dxe5 Nxc3 14. Rxc3 Rxc3 15. bxc3 Be6 16. Qd4 Qa5 17. Qb4 Qc7 18. Rd1 Rd8 19. Qd4 b6 20. c4 g5 21. Bxg5 Bxe5 22. Qd3 d4 23. Rc1 Bg7 24. e4 dxe3 25. Qxe3 Bxc4 26. Qxe7 Qxe7 27. Bxe7 Re8 28. Rxc4 Rxe7 29. Rc8+ Bf8 30. a4 Kg7 31. Rc4 Re1+ 32. Bf1 Bc5 33. Kg2 Ra1 34. Rg4+ Kf6 35. Bb5 h5 36. Rf4+ Kg7 37. Re4 Ra3 38. h3 Rc3 1/2-1/2